000
00277nam a22001097a 4500
008
170117b xxu||||| |||| 00| 0 eng d
020
_a
9780803614918
041
_a
eng
080
_2
3RD
_a
618.2
245
_a
UNDERSTANDING MEDICAL SURGICAL NURSING
_c
WILLIAMS, L.S
942
_2
udc
_c
BK
999
_c
3022
_d
3022